Spieler des Monats Bundesliga Saison 2024/2025 - Statistiken

Allgemein
  • Dieses Quiz wurde 156 mal gespielt
  • Das Durchschnittsergebnis liegt bei 7 aus 8
Antwortstatistiken
Monat Verein Spieler % Korrekt
Oktober 2024 FC Bayern München Harry Kane
98%
Dezember 2024 Bayer 04 Leverkusen Florian Wirtz
97%
Januar 2025 Bayer 04 Leverkusen Florian Wirtz
97%
September 2024 Eintracht Frankfurt Omar Marmoush
92%
November 2024 Eintracht Frankfurt Omar Marmoush
92%
Februar 2025 Borussia Dortmund Serhou Guirassy
91%
April 2025 FC Bayern München Michael Olise
88%
März 2025 Borussia Dortmund Nico Schlotterbeck
69%
Keine übereinstimmenden Quizze gefunden
Verteilung der Resultate
Anzahl Personen mit jedem Resultat
Perzentil nach korrekt beantworteten Fragen
Ihre Resultats-Entwicklung
Sie haben dieses Quiz noch nicht gespielt